[Event "SLO-chT2 Ost"]
[Site "Slovenia"]
[Date "2021.09.25"]
[Round "5.3"]
[White "Susin, Aljaz"]
[Black "Zagorsek, David"]
[Result "1-0"]
[WhiteElo "1894"]
[BlackElo "2011"]
[PlyCount "57"]
[EventDate "2021.09.11"]
[EventType "team-tourn"]
[EventRounds "9"]
[EventCountry "SLO"]
[SourceTitle "EXT 2024"]
[Source "ChessBase"]
[SourceDate "2023.10.10"]
[SourceVersion "1"]
[SourceVersionDate "2023.10.10"]
[SourceQuality "1"]
[WhiteTeam "Brezice"]
[BlackTeam "Ptuj SD II"]
[WhiteTeamCountry "SLO"]
[BlackTeamCountry "SLO"]

1. Nf3 Nf6 2. c4 g6 3. d4 Bg7 4. Nc3 d5 5. e3 0-0 6. Bd3 c5 7. h3 cxd4 8. exd4 Nbd7 9. 0-0 dxc4 10. Bxc4 Nb6 11. Bb3 Nbd5 12. Re1 Re8 13. Bd2 b6 14. Rc1 Bb7 15. Ne5 e6 16. Ba4 Nxc3 17. Bxc3 Qd5 18. f3 b5 19. Bb3 Qd6 20. Qd2 Bd5 21. Bb4 Qb6 22. Ba5 Qd6 23. Rc7 Bxb3 24. Nxf7 Qg3 25. axb3 Nd5 26. Rd7 e5 27. Nh6+ Bxh6 28. Qxh6 Ne7 29. Rxe5 1-0

[Event "Kozje op 3rd"]
[Site "Kozje"]
[Date "2016.09.09"]
[Round "1"]
[White "Tisaj, Domen"]
[Black "Susin, Aljaz"]
[Result "0-1"]
[WhiteElo "1902"]
[BlackElo "1832"]
[PlyCount "114"]
[EventDate "2016.09.09"]
[EventType "swiss"]
[EventRounds "5"]
[EventCountry "SLO"]
[SourceTitle "CBM 174 Extra"]
[Source "ChessBase"]
[SourceDate "2016.10.10"]
[SourceVersion "1"]
[SourceVersionDate "2016.10.10"]
[SourceQuality "1"]

1. d4 d5 2. Nf3 Nf6 3. e3 Bg4 4. Bd3 e6 5. Nbd2 c5 6. b3 cxd4 7. exd4 Nc6 8. Bb2 Be7 9. 0-0 0-0 10. a3 a6 11. Rc1 Rc8 12. b4 Nd7 13. c4 dxc4 14. Nxc4 Nf6 15. Ne3 Bh5 16. h3 Bxf3 17. Qxf3 Qd7 18. Rfd1 Rfd8 19. Bc4 Nd5 20. Bxd5 exd5 21. Ng4 f6 22. Ne3 Bf8 23. Re1 Ne7 24. Qg3 Nf5 25. Qg4 Rxc1 26. Rxc1 Nxe3 27. Qxd7 Rxd7 28. fxe3 Bd6 29. Kf2 f5 30. Kf3 Kf7 31. Rc2 g5 32. g4 Kf6 33. Rf2 Re7 34. gxf5 Kxf5 35. Ke2+ Kg6 36. Kd3 Re4 37. Bc3 h5 38. Ke2 Rh4 39. Rf3 g4 40. hxg4 hxg4 41. Rf2 g3 42. Rg2 Kf5 43. Kf3 Rh2 44. Rd2 b5 45. Rb2 Kg5 46. Rd2 Kh4 47. Rxh2+ gxh2 48. Kg2 Kg4 49. Be1 Kf5 50. Bh4 Ke4 51. Bg5 Kd3 52. Bh6 Kc4 53. Bg5 Kb3 54. Bf4 Be7 55. Kxh2 Kxa3 56. e4 dxe4 57. Kg2 Kxb4 0-1